Ministerio de Relaciones Exteriores. Año 1858-59

Saved in:
Bibliografiske detaljer
Hovedforfatter: Mitre, Bartolomé (autor)
Format: Bog
Sprog:spansk
Udgivet: Buenos Aires Imprenta de La Nación 1912
Udgivelse:1a. ed
Serier:Archivo del General Mitre, XIX
Fag:
Tags: Tilføj Tag
Ingen Tags, Vær først til at tagge denne postø!

MARC

LEADER 00000nam a2200000 a 4500
001 UCJ7052
003 CL-VaPUC
008 070124e19120000AG |||||||||||||||||spa|d
082 0 4 |a 982  |b MIT  |2 21 
100 |a Mitre, Bartolomé  |e autor  |9 315189 
245 1 0 |a Ministerio de Relaciones Exteriores. Año 1858-59 
250 |a 1a. ed 
300 |a 120 p 
942 |c BK 
945 |d 20070124 00:00:00  |a rinostro 
260 |a Buenos Aires  |b Imprenta de La Nación  |c 1912 
600 0 7 |a ROSAS, JUAN MANUEL  |2 CL-VaPUC  |9 319850 
650 7 |a DOCUMENTOS  |2 CL-VaPUC  |9 366450 
650 7 |a PRESIDENTES ARGENTINOS  |2 CL-VaPUC  |9 458544 
650 0 |a Diplomacia  |9 256483 
650 0 |a Correspondencia  |9 258963 
650 7 |a INGLESES  |2 CL-VaPUC  |9 514932 
650 7 |a FRANCESES  |2 CL-VaPUC  |9 445469 
650 7 |a SARDOS  |2 CL-VaPUC  |9 514933 
650 7 |a GUERRAS CIVILES  |2 CL-VaPUC  |9 361938 
651 0 |a Uruguay  |9 255194 
583 |a last modification  |c 20070124 00:00:00  |k Rodrigo Vera 
490 0 |a Archivo del General Mitre, XIX 
999 |c 323154  |d 323152 
952 |0 0  |1 0  |4 0  |6 982_000000000000000_MIT_1912  |7 0  |8 X  |9 402526  |a FDOBUD  |b FDOBUD  |d 2019-11-22  |i 1057588  |o 982 MIT 1912  |p 1057588  |r 2019-11-22  |w 2019-11-22  |y BK_X  |k BUD